| 000 | 00867nam a2200265Ia 4500 | ||
|---|---|---|---|
| 003 | OSt | ||
| 005 | 20220923211505.0 | ||
| 006 | a|||||r|||| 00| 0 | ||
| 007 | ta | ||
| 008 | Pun | ||
| 020 |
_a9789352132009 (hbk) _c180 |
||
| 024 | _a328,316 | ||
| 037 |
_b1013, 25/01/2018, H.K. Prakashan _cTextual |
||
| 040 |
_aARTS _cARTS _bPun |
||
| 041 |
_2Pun _aPun |
||
| 082 | _aO153,3NNA,CD, Q7 | ||
| 100 | _aਭਰਗਾ ਨੰਦ, ਂਚ. | ||
| 245 | 0 | _aਚੁਰਾਹੇ ਦਾ ਦੀਵਾ | |
| 260 |
_aਸਮਾਣਾ _b ਸੰਗਮ ਪਬਲਿਕੇFਨਗ਼ _c2017 |
||
| 300 |
_a127ਪ0 _ccm. |
||
| 650 | _a ਪੰਜਾਬੀ ਕਹਾਣੀ | ||
| 650 |
_aਪੰਜਾਾਬੀ ਸਾਹਿਤ _9156350 |
||
| 942 |
_hO153,3NNA,CD, Q7 _cTEXL _2CC |
||
| 999 |
_c300064 _d300064 |
||